| 000 | 00888nam a2200217 a 4500 | ||
|---|---|---|---|
| 001 | 000006185 | ||
| 005 | 20200929151950.0 | ||
| 008 | 751016s1980 pr 000 p spa | ||
| 020 | _a8449913519 | ||
| 040 |
_aDO-SdBNP _bspa _cBNPHU |
||
| 082 |
_aPR861.1 _bC348e, 1980. |
||
| 100 | 1 |
_aCastellaños, Juan de, _d1522-1607. _917333 |
|
| 245 | 1 | 0 |
_aElegía a la muerte de Juan Ponce de León : _bdonde se cuenta la conquista de Borinquen / _cJuan de Castellaños ; estudio preliminar María Teresa Babín ; traducción Muna Lee. |
| 250 | _a2a ed. | ||
| 260 |
_aSan Juan, Puerto Rico, : _bInstituto de Cultura Puertorriqueña, _c1980. |
||
| 300 |
_a95 p. : ; _c24 cm. |
||
| 600 | 1 | 0 |
_aPONCE DE LEÓN, JUAN, _d1460?-1521 _vPOETA _917334 |
| 650 | 4 |
_aPoesía puertorriqueña _91015 |
|
| 650 | 4 |
_aLiteratura puertorriqueña _ySIGLO XVI _917335 |
|
| 650 | 4 |
_aLiteratura latinoaméricana _ySIGLO XVI _917336 |
|
| 999 |
_c5980 _d5980 |
||